História zdanenia a daní

Historický pohľad na zdaňovanie a dane. Dane v staroveku. Inštitút daní na Blízkom a Strednom Východe. Prvá známa daňová reforma.

Salvato in:
Dettagli Bibliografici
Autore principale: Grúň, Ľubomír
Natura: Capitolo di libro
Lingua:slovacco
Soggetti:
Tags: Aggiungi Tag
Nessun Tag, puoi essere il primo ad aggiungerne!!

MARC

LEADER 00000naa a2200000 4500
001 r042055
005 20231002122607.9
041 0 |a slo 
044 |a SK 
245 1 0 |a História zdanenia a daní  |c Ľubomír Grúň 
520 |a Historický pohľad na zdaňovanie a dane. Dane v staroveku. Inštitút daní na Blízkom a Strednom Východe. Prvá známa daňová reforma. 
610 2 0 |a dane 
610 2 0 |a zdaňovanie 
610 2 0 |a história 
610 2 0 |a Blízky východ 
610 2 0 |a Stredný východ 
100 1 |a Grúň, Ľubomír